Arabic made easy

Bibliographic Details
Main Author: Hashim, Abul (Author)
Format: Book
Published: Lahore : Sh. Muhammad Ashraf , 1969
Subjects:

MARC

LEADER 00000cam a2200000 7i4500
001 0000004951
005 20070822093000.0
008 021118n
090 0 0 |a PJ6111   |b .H37 
100 0 |a Hashim, Abul ,   |e author 
245 0 0 |a Arabic made easy   |c Abul Hashim 
260 2 |a Lahore :   |b Sh. Muhammad Ashraf ,   |c 1969 
300 |a 332 p. ; ;   |c 21 cm. 
650 0 |a Arabic language   |v Textbooks for foreign speakers   |x English 
650 0 |a Arabic language   |x Composition and exercises 
650 0 |a Arabic language   |x Grammar 
999 |a 1000048512   |b Book   |c OPEN SHELF (30 DAYS)   |e Gong Badak Campus 
999 |a 1000054393   |b Book   |c OPEN SHELF (30 DAYS)   |e Gong Badak Campus